| 000 | 00418nam a22001457a 4500 | ||
|---|---|---|---|
| 999 |
_c7914 _d7914 |
||
| 003 | OSt | ||
| 005 | 20200603154853.0 | ||
| 008 | 200603b ||||| |||| 00| 0 eng d | ||
| 020 | _a9788415223061 | ||
| 082 |
_a720.1 _bMIN |
||
| 110 | _aMinguet Maria Josep(editor) | ||
| 245 | _aArchitectural shapes = : Nuevas formas en arquitectura | ||
| 260 |
_aBarcelonia _b Instituto Monsa de Ediciones _cJanuary 1, 2011 |
||
| 942 | _2ddc | ||